| 000 | 00900nam a2200253 a 4500 | ||
|---|---|---|---|
| 005 | 19900720100950.3 | ||
| 008 | 891020s1990 nyua b 001 0 eng | ||
| 010 | _aENG-92178 | ||
| 020 |
_a9780070080539 _c195.00 |
||
| 020 |
_a0070080534 _c195.00 |
||
| 035 | _aEN-75711 | ||
| 037 | _bDBAD / PUB | ||
| 040 |
_adpl _bEnglish |
||
| 082 | _a510 | ||
| 100 | _aJha, Pradeep J. | ||
| 245 |
_aQuantitative aptitude mathematics: _cby Pradeep J. Jha [and] Parag B. Shah _bfor CA Common Proficiency Test (CPT) / |
||
| 260 |
_aNew Delhi _bTata McGraw-Hill Publishing _c2009 |
||
| 300 |
_axii, 280p. _c23cm (pbk) |
||
| 490 | _aCA examination series | ||
| 650 | _aMathematics | ||
| 700 | _aShah, Parag B. | ||
| 942 |
_2ddc _cEN _mJHA _h510 |
||
| 999 |
_c19829 _d19829 |
||